000 00335nam a22001217a 4500
082 _a355.00925491
_bSAE
_cL-30-II, P-113
100 _aSaeed Rasheed
_951052
245 _aجراتوں کے نشان
260 _aJehlum,
_bBook Corner,
_c1982.
300 _a698p.
_c22cm.
526 _a0
_b0
_c0
_d355_009254910000000_SAE
942 _2ddc
_cBK
999 _c553795
_d553795